[Event "PSNA CET 45th National Junior (U-19) Ch"]
[Site "PSNA College of Engineering &"]
[Date "2015.07.24"]
[Round "3.5"]
[White "Sammed Jaykumar, Shete"]
[Black "Hemanth, Raam"]
[Result "0-1"]
[WhiteElo "2267"]
[BlackElo "2103"]
[PlyCount "124"]
[EventDate "2015.07.23"]
[EventRounds "11"]
[EventCountry "IND"]
[SourceDate "2003.06.08"]

1. e4 e5 2. Nf3 Nc6 3. Bb5 a6 4. Ba4 Nf6 5. O-O Be7 6. d3 b5 7. Bb3 O-O 8. Re1
d6 9. c3 Na5 10. Bc2 c5 11. Nbd2 Re8 12. Nf1 h6 13. Ng3 Bf8 14. h3 Nc6 15. a4
Rb8 16. axb5 axb5 17. Nh2 d5 18. Qf3 d4 19. Nf5 Nh7 20. Bb3 c4 21. dxc4 Na5 22.
cxd4 Bxf5 23. exf5 exd4 24. Rxe8 Qxe8 25. Bf4 bxc4 26. Ba4 Qd8 27. Bxb8 Qxb8
28. Bd1 Qb4 29. Nf1 Nb7 30. Ra7 Nd6 31. Qd5 Nf6 32. Qxd4 Nb5 33. Qb6 Nxa7 34.
Qxa7 Qxb2 35. Ne3 Qb4 36. Qa2 Qe1+ 37. Kh2 Ne4 38. Bf3 Bd6+ 39. g3 Nd2 40. Kg2
Bc5 41. Qa8+ Kh7 42. Qe8 Bxe3 43. Qxe3 Qxe3 44. fxe3 c3 45. Bd1 Nc4 46. Kf3 Na3
47. g4 c2 48. Bxc2 Nxc2 49. h4 Kg8 50. e4 Kf8 51. e5 g5 52. hxg5 hxg5 53. Ke4
Ke7 54. Kd3 Nb4+ 55. Kc4 Nc6 56. Kd5 Nd8 57. Kc5 f6 58. Kd5 Nf7 59. e6 Ne5 60.
Ke4 Nxg4 61. Kf3 Nh6 62. Ke4 Kd6 0-1

[Event "PSNA CET 45th National Junior (U-19) Ch"]
[Site "PSNA College of Engineering &"]
[Date "2015.07.24"]
[Round "3.6"]
[White "Gajwa, Ankit"]
[Black "Kumaran, B."]
[Result "1-0"]
[WhiteElo "2107"]
[BlackElo "2254"]
[PlyCount "69"]
[EventDate "2015.07.23"]
[EventRounds "11"]
[EventCountry "IND"]
[SourceDate "2003.06.08"]

1. e4 e5 2. Nf3 Nc6 3. Bb5 a6 4. Ba4 Nf6 5. O-O Be7 6. Re1 b5 7. Bb3 d6 8. c3
O-O 9. h3 Nb8 10. d4 Nbd7 11. Nbd2 Bb7 12. Bc2 Re8 13. Nf1 Bf8 14. Bg5 h6 15.
Bh4 exd4 16. cxd4 g5 17. Nxg5 hxg5 18. Bxg5 Bg7 19. Ng3 Qc8 20. Nf5 Nh7 21. Qg4
Kh8 22. Nxg7 Kxg7 23. e5 Nxe5 24. Bh6+ Kxh6 25. Qh4+ Kg7 26. Qxh7+ Kf6 27.
dxe5+ Rxe5 28. f4 Re6 29. Qh4+ Kg7 30. Qg5+ Kh8 31. Bf5 Rxe1+ 32. Rxe1 Qf8 33.
Qh4+ Kg7 34. Qh7+ Kf6 35. g4 1-0

[Event "PSNA CET 45th National Junior (U-19) Ch"]
[Site "PSNA College of Engineering &"]
[Date "2015.07.24"]
[Round "3.7"]
[White "Arjun, Adappa"]
[Black "Pranavananda, V."]
[Result "0-1"]
[WhiteElo "2088"]
[BlackElo "2246"]
[PlyCount "92"]
[EventDate "2015.07.23"]
[EventRounds "11"]
[EventCountry "IND"]
[SourceDate "2003.06.08"]

1. c4 b6 2. Nc3 Bb7 3. e4 e5 4. Nf3 Nc6 5. g3 Bc5 6. Bg2 Nge7 7. a3 a5 8. O-O
O-O 9. d3 d6 10. Rb1 h6 11. Bd2 Qd7 12. Ne1 Kh8 13. Nc2 a4 14. Kh1 Nd4 15. Nxd4
Bxd4 16. f4 f5 17. Qe2 exf4 18. gxf4 Rae8 19. Rbe1 Ng8 20. Bf3 Bxc3 21. Bxc3
fxe4 22. Bxe4 Nf6 23. Bxf6 Rxf6 24. Qg2 Bxe4 25. Rxe4 Ref8 26. Rfe1 Rxf4 27.
Re7 Qxe7 28. Rxe7 Rf1+ 29. Qxf1 Rxf1+ 30. Kg2 Rb1 31. Rxc7 Rxb2+ 32. Kf3 Rxh2
33. Rc6 Rb2 34. Rxd6 b5 35. c5 Rc2 36. c6 Kh7 37. Ke4 b4 38. axb4 a3 39. c7
Rxc7 40. Ra6 Rb7 41. Rxa3 Rxb4+ 42. d4 h5 43. Ke5 Kh6 44. d5 h4 45. d6 Rb5+ 46.
Ke6 Rb6 0-1

[Event "PSNA CET 45th National Junior (U-19) Ch"]
[Site "PSNA College of Engineering &"]
[Date "2015.07.24"]
[Round "3.8"]
[White "Akash Pc, Iyer"]
[Black "Raghav, Srivathsav V"]
[Result "1-0"]
[WhiteElo "2243"]
[BlackElo "2009"]
[PlyCount "57"]
[EventDate "2015.07.23"]
[EventRounds "11"]
[EventCountry "IND"]
[SourceDate "2003.06.08"]

1. d4 d5 2. c4 c6 3. e3 Nf6 4. Nc3 e6 5. Nf3 Nbd7 6. Qc2 Bd6 7. Bd3 O-O 8. O-O
e5 9. cxd5 cxd5 10. e4 exd4 11. Nxd5 Nxd5 12. exd5 Nf6 13. Nxd4 h6 14. Bc4 Nxd5
15. Bxd5 Qh4 16. Nf3 Qh5 17. Qe4 Bd7 18. Be3 Rae8 19. Qd4 Bb8 20. Rfd1 g5 21.
h3 Bxh3 22. gxh3 Qxh3 23. Qf6 Qh5 24. Kg2 Qg4+ 25. Kf1 Qh5 26. Qf5 Kg7 27. Kg2
b6 28. Bd4+ f6 29. Be4 1-0

[Event "PSNA CET 45th National Junior (U-19) Ch"]
[Site "PSNA College of Engineering &"]
[Date "2015.07.24"]
[Round "3.9"]
[White "Saurabh, Anand"]
[Black "Sahoo, Utkal Ranjan"]
[Result "1/2-1/2"]
[WhiteElo "2038"]
[BlackElo "2215"]
[PlyCount "92"]
[EventDate "2015.07.23"]
[EventRounds "11"]
[EventCountry "IND"]
[SourceDate "2003.06.08"]

1. e4 e6 2. d4 d5 3. Nc3 dxe4 4. Nxe4 Bd7 5. Nf3 Bc6 6. Bd3 Nd7 7. O-O Ngf6 8.
Nxf6+ Nxf6 9. Bg5 Be7 10. c3 h6 11. Bd2 Bxf3 12. Qxf3 c6 13. Qg3 Qd5 14. Rad1
Kf8 15. Qc7 Qd7 16. Qxd7 Nxd7 17. f4 g6 18. c4 Rd8 19. Ba5 b6 20. Bc3 Bf6 21.
Be4 Rc8 22. Bf3 Kg7 23. Rd3 Rhd8 24. Rfd1 h5 25. Kf1 Kf8 26. Bb4+ Be7 27. Bxe7+
Kxe7 28. d5 cxd5 29. cxd5 exd5 30. Rxd5 Nc5 31. Rxd8 Rxd8 32. Rxd8 Kxd8 33. Bd5
Ke7 34. Ke2 f6 35. h4 Ne6 36. Bxe6 Kxe6 37. Ke3 Kd5 38. f5 g5 39. g4 Ke5 40.
hxg5 fxg5 41. gxh5 Kxf5 42. Kf3 g4+ 43. Kg3 Kg5 44. h6 Kxh6 45. Kxg4 Kg6 46.
Kf4 Kf6 1/2-1/2

[Event "PSNA CET 45th National Junior (U-19) Ch"]
[Site "PSNA College of Engineering &"]
[Date "2015.07.25"]
[Round "4.1"]
[White "Karthikeyan, Murali"]
[Black "Dhulipalla, Bala Chandra Prasad"]
[Result "1-0"]
[WhiteElo "2509"]
[BlackElo "2207"]
[PlyCount "151"]
[EventDate "2015.07.23"]
[EventRounds "11"]
[EventCountry "IND"]
[SourceDate "2003.06.08"]

1. e4 c5 2. Nf3 e6 3. c4 Nc6 4. d4 cxd4 5. Nxd4 Nf6 6. Nc3 Bb4 7. Nxc6 bxc6 8.
Bd3 e5 9. O-O O-O 10. Qc2 Bc5 11. b3 d6 12. Bd2 Be6 13. Rad1 Rb8 14. Na4 Bd4
15. c5 dxc5 16. Bg5 h6 17. Bxf6 Qxf6 18. Nxc5 Bg4 19. Rc1 Qg6 20. Kh1 Rfd8 21.
f3 Bc8 22. Be2 Rd6 23. Rcd1 Qg5 24. Nd3 Rg6 25. Ne1 c5 26. Bc4 Qh4 27. f4 Bg4
28. Rd3 Rf6 29. f5 g6 30. Nf3 Qh5 31. Nxd4 cxd4 32. Rg3 gxf5 33. exf5 Kh8 34.
Qe4 Rxf5 35. Rxf5 Qxf5 36. Rxg4 Qxe4 37. Rxe4 f6 38. Kg1 Re8 39. g4 Kg7 40. Kf2
h5 41. Kf3 Kh6 42. Re2 hxg4+ 43. Kxg4 Kg6 44. Bd3+ Kf7 45. Kf5 Rh8 46. Rf2 Rh4
47. b4 Rh3 48. Bc4+ Ke7 49. Ke4 Rh4+ 50. Kd5 d3 51. Kc5 e4 52. a4 e3 53. Rf3
Re4 54. Bxd3 e2 55. Bxe2 Rxe2 56. Kb5 Rxh2 57. Ka6 Rh4 58. Rb3 Kd6 59. Kxa7 Kd5
60. Ka6 f5 61. Rb1 Kc4 62. b5 Rh8 63. a5 f4 64. Rc1+ Kb4 65. Rb1+ Kc5 66. Kb7
Rh7+ 67. Kc8 Rh8+ 68. Kd7 f3 69. b6 Rh7+ 70. Kc8 Kc6 71. Rc1+ Kd6 72. a6 f2 73.
a7 Rh8+ 74. Kb7 Rh7+ 75. Ka6 Rh8 76. b7 1-0

[Event "PSNA CET 45th National Junior (U-19) Ch"]
[Site "PSNA College of Engineering &"]
[Date "2015.07.25"]
[Round "4.2"]
[White "Hemanth, Raam"]
[Black "Akash, G."]
[Result "0-1"]
[WhiteElo "2103"]
[BlackElo "2354"]
[PlyCount "182"]
[EventDate "2015.07.23"]
[EventRounds "11"]
[EventCountry "IND"]
[SourceDate "2003.06.08"]

1. e4 g6 2. d4 Bg7 3. Nf3 d6 4. Nc3 c6 5. a4 Nf6 6. h3 O-O 7. Be3 Qa5 8. Nd2 d5
9. e5 Nfd7 10. Be2 Qd8 11. O-O Nxe5 12. dxe5 d4 13. f4 dxe3 14. Nc4 Qc7 15. Qd4
Bf5 16. Rac1 Na6 17. Nd1 Nb4 18. Ndxe3 c5 19. Qd2 Rfd8 20. Qe1 Be4 21. Qh4 Nd5
22. Ng4 Nb6 23. b3 Nxc4 24. Bxc4 Rd2 25. Ne3 Qd7 26. Rf2 e6 27. Bd3 Rxf2 28.
Qxf2 Bc6 29. Be2 Qc7 30. Bf3 Be8 31. Nc4 Bf8 32. Rd1 Rb8 33. Qd2 b6 34. Nd6 c4
35. Nxc4 Bxa4 36. Nd6 Be8 37. Kh2 a5 38. Nxe8 Rxe8 39. Qd7 Rc8 40. Qxc7 Rxc7
41. Be4 b5 42. Bd3 a4 43. Bxb5 a3 44. c4 Ra7 45. Ba4 Bb4 46. Rc1 Bd2 47. Ra1
Bxf4+ 48. g3 Bxe5 49. Rxa3 Bc3 50. Ra2 Bb4 51. Kg2 e5 52. Rc2 Rc7 53. g4 f5 54.
gxf5 gxf5 55. Rf2 Rg7+ 56. Kf1 Rf7 57. Be8 Rf6 58. Bd7 f4 59. Re2 Bd6 60. Bc6
Kf8 61. Be4 Bc5 62. Bf3 Bd4 63. b4 Ra6 64. c5 Ra1+ 65. Re1 Ra2 66. Re2 Ra1+ 67.
Re1 Ra3 68. Be4 Rxh3 69. c6 f3 70. Bxf3 Rxf3+ 71. Kg2 Rc3 72. b5 Ke7 73. Rh1
Rb3 74. Rxh7+ Kd8 75. Rh8+ Kc7 76. Rh7+ Kc8 77. Rh8+ Kc7 78. Rh7+ Kb6 79. Rb7+
Ka5 80. Rb8 Rc3 81. Kf1 Bb6 82. Re8 Rc5 83. Ke2 Kxb5 84. Re6 Bc7 85. Kd3 Rxc6
86. Re8 Rh6 87. Rc8 Kc6 88. Ke4 Rh4+ 89. Ke3 Ra4 90. Kf3 Rc4 91. Ke3 Kd5 0-1

[Event "PSNA CET 45th National Junior (U-19) Ch"]
[Site "PSNA College of Engineering &"]
[Date "2015.07.25"]
[Round "4.3"]
[White "Pranavananda, V."]
[Black "Gajwa, Ankit"]
[Result "0-1"]
[WhiteElo "2246"]
[BlackElo "2107"]
[PlyCount "64"]
[EventDate "2015.07.23"]
[EventRounds "11"]
[EventCountry "IND"]
[SourceDate "2003.06.08"]

1. e4 e5 2. Bc4 Nf6 3. d3 c6 4. Nf3 d5 5. exd5 cxd5 6. Bb3 Bb4+ 7. Bd2 Bxd2+ 8.
Qxd2 Nc6 9. O-O O-O 10. Re1 Qd6 11. h3 h6 12. Nc3 a6 13. d4 e4 14. Ne5 Be6 15.
Nxc6 Qxc6 16. Qf4 Rad8 17. f3 exf3 18. Qxf3 Ne4 19. Nxe4 dxe4 20. Qxe4 Qxe4 21.
Rxe4 Bxb3 22. axb3 f5 23. Re7 Rxd4 24. Rxb7 Re8 25. Rxa6 Rd1+ 26. Kh2 f4 27.
Ra4 Rf1 28. Rbb4 Rf8 29. Rc4 h5 30. h4 f3 31. Rf4 Rxf4 32. Rxf4 fxg2 0-1

[Event "PSNA CET 45th National Junior (U-19) Ch"]
[Site "PSNA College of Engineering &"]
[Date "2015.07.25"]
[Round "4.4"]
[White "Srijit, Paul"]
[Black "Akash Pc, Iyer"]
[Result "0-1"]
[WhiteElo "1881"]
[BlackElo "2243"]
[PlyCount "56"]
[EventDate "2015.07.23"]
[EventRounds "11"]
[EventCountry "IND"]
[SourceDate "2003.06.08"]

1. d4 d5 2. Nc3 Bf5 3. f3 e6 4. e4 Bg6 5. Nge2 Nf6 6. Bg5 dxe4 7. fxe4 Be7 8.
e5 Ng4 9. Bxe7 Qxe7 10. Nf4 Ne3 11. Nxg6 hxg6 12. Qd3 Qh4+ 13. Kd2 Nf5 14. Nb5
Na6 15. c3 Ng3 16. hxg3 Qg5+ 17. Kc2 Rxh1 18. Qe4 Rb8 19. Nxc7+ Nxc7 20. Bb5+
Nxb5 21. Rxh1 Ke7 22. Qe2 a6 23. a4 Nc7 24. Qc4 Kd7 25. Qc5 Qe7 26. Qa7 Qf8 27.
Rf1 Kc8 28. a5 b6 0-1

[Event "PSNA CET 45th National Junior (U-19) Ch"]
[Site "PSNA College of Engineering &"]
[Date "2015.07.25"]
[Round "4.5"]
[White "Krishna Teja, N."]
[Black "Aravindh, Chithambaram Vr"]
[Result "1/2-1/2"]
[WhiteElo "2192"]
[BlackElo "2507"]
[PlyCount "124"]
[EventDate "2015.07.23"]
[EventRounds "11"]
[EventCountry "IND"]
[SourceDate "2003.06.08"]

1. d4 d5 2. c4 Nc6 3. Nf3 Bg4 4. cxd5 Bxf3 5. dxc6 Bxc6 6. Nc3 Nf6 7. f3 e5 8.
dxe5 Nd7 9. e4 Nxe5 10. Qxd8+ Rxd8 11. Bf4 Bd6 12. O-O-O h5 13. Bxe5 Bxe5 14.
Rxd8+ Kxd8 15. Bc4 Ke7 16. Nd5+ Ke8 17. h3 Rh6 18. Kc2 h4 19. Ne3 Rg6 20. Rd1
Bf4 21. Ng4 Ke7 22. Kc3 Bd7 23. b4 Rc6 24. Kb3 Rb6 25. Kc3 Rc6 26. Kb3 Rb6 27.
Kc3 g6 28. a3 Rc6 29. Kb3 Rb6 30. Kc3 Ba4 31. Rd5 Be8 32. Rd1 Bd7 33. Bb3 Rc6+
34. Kb2 Rb6 35. Kc3 Rc6+ 36. Kb2 Rb6 37. Kc3 a5 38. bxa5 Ra6 39. Rd5 c6 40. Rd1
Rxa5 41. a4 Rc5+ 42. Kb2 Bc8 43. Ba2 Rg5 44. Re1 Ra5 45. Bb3 Bd7 46. Kc3 Rc5+
47. Kd4 Ra5 48. Kc3 c5 49. Rb1 f5 50. exf5 gxf5 51. Re1+ Kd6 52. Nf6 Be5+ 53.
Rxe5 Kxe5 54. Nxd7+ Kf4 55. Bc2 b5 56. Nxc5 bxa4 57. Nxa4 Kg3 58. Nb2 Kxg2 59.
Nc4 Rb5 60. Bxf5 Rxf5 61. Ne3+ Kxf3 62. Nxf5 Kg2 1/2-1/2

[Event "PSNA CET 45th National Junior (U-19) Ch"]
[Site "PSNA College of Engineering &"]
[Date "2015.07.25"]
[Round "4.6"]
[White "Harsha, Bharathakoti"]
[Black "Hirthickkesh, Pr"]
[Result "1/2-1/2"]
[WhiteElo "2368"]
[BlackElo "2202"]
[PlyCount "90"]
[EventDate "2015.07.23"]
[EventRounds "11"]
[EventCountry "IND"]
[SourceDate "2003.06.08"]

1. d4 Nf6 2. c4 e6 3. g3 Bb4+ 4. Bd2 Be7 5. Bg2 d5 6. Nf3 c6 7. Qc2 O-O 8. O-O
b6 9. Bf4 dxc4 10. Qxc4 Ba6 11. Qc2 Nd5 12. Nc3 Nxf4 13. gxf4 Bd6 14. Qe4 Qc7
15. Ne5 f6 16. Nxc6 Nxc6 17. Qxc6 Qxc6 18. Bxc6 Rad8 19. Rfd1 Bxf4 20. e3 Bb8
21. a4 f5 22. a5 Bc4 23. Rd2 Rd6 24. axb6 axb6 25. Bb5 Bxb5 26. Nxb5 Rc6 27.
Ra3 Rc4 28. Rc3 Rb4 29. Na3 f4 30. Rdc2 fxe3 31. fxe3 e5 32. d5 b5 33. Rc8 Bd6
34. Rxf8+ Kxf8 35. Rc6 Ke7 36. Rb6 Bc5 37. Rxb5 Bxe3+ 38. Kg2 Rxb5 39. Nxb5 e4
40. Na3 h5 41. Nc4 Bc5 42. h4 Kf6 43. Kg3 g5 44. hxg5+ Kxg5 45. d6 Kf6 1/2-1/2

[Event "PSNA CET 45th National Junior (U-19) Ch"]
[Site "PSNA College of Engineering &"]
[Date "2015.07.25"]
[Round "4.7"]
[White "Sai, Vishwesh.C"]
[Black "Saurabh, Anand"]
[Result "1-0"]
[WhiteElo "2318"]
[BlackElo "2038"]
[PlyCount "59"]
[EventDate "2015.07.23"]
[EventRounds "11"]
[EventCountry "IND"]
[SourceDate "2003.06.08"]

1. e4 c5 2. d4 cxd4 3. c3 Nf6 4. e5 Nd5 5. Nf3 d6 6. Bc4 e6 7. cxd4 Nc6 8. O-O
Be7 9. Qe2 O-O 10. b3 Nb6 11. Bd3 Nb4 12. Be4 f5 13. exf6 Bxf6 14. Nc3 d5 15.
Bb1 Nc6 16. Rd1 Re8 17. Ne5 Nd7 18. Bxh7+ Kxh7 19. Qh5+ Kg8 20. Qf7+ Kh7 21.
Rd3 Ncxe5 22. Rh3+ Bh4 23. dxe5 Nxe5 24. Qh5+ Kg8 25. Rxh4 Nf7 26. Qh7+ Kf8 27.
Ba3+ Re7 28. Rf4 Ke8 29. Qxg7 b6 30. Rxf7 1-0

[Event "PSNA CET 45th National Junior (U-19) Ch"]
[Site "PSNA College of Engineering &"]
[Date "2015.07.25"]
[Round "4.8"]
[White "Varun, V."]
[Black "Abhilash, Reddy M.L"]
[Result "1/2-1/2"]
[WhiteElo "2171"]
[BlackElo "2224"]
[PlyCount "172"]
[EventDate "2015.07.23"]
[EventRounds "11"]
[EventCountry "IND"]
[SourceDate "2003.06.08"]

1. Nf3 Nf6 2. g3 d5 3. c4 c6 4. b3 Bf5 5. Bg2 Nbd7 6. Bb2 e6 7. O-O Bd6 8. d3
O-O 9. Nbd2 Qe7 10. Re1 Bg6 11. Nh4 Rfd8 12. Qc2 Rac8 13. Rad1 Ba3 14. Ba1 Bb4
15. Bb2 e5 16. Qc1 Bc5 17. Nxg6 hxg6 18. e3 Bd6 19. Qc2 Ba3 20. Ba1 Re8 21. Re2
b5 22. Nb1 Bd6 23. Bb2 a6 24. Nc3 Qe6 25. Qb1 Rb8 26. cxd5 cxd5 27. Rc2 Nb6 28.
Rdc1 Qd7 29. e4 Bf8 30. Nxd5 Nfxd5 31. exd5 Nxd5 32. Re2 f6 33. d4 exd4 34. Rd2
Ne7 35. Rxd4 Qa7 36. Qd3 Rbc8 37. Rd1 Qc5 38. Bb7 Rb8 39. Rd7 Qh5 40. Bxa6 Nc6
41. Bb7 Ne5 42. Bxe5 Rxe5 43. Bd5+ Kh7 44. Bf3 Qf5 45. a4 bxa4 46. bxa4 Rb2 47.
Qxf5 Rxf5 48. Kg2 Bc5 49. R1d2 Rb4 50. a5 Ra4 51. h4 Rxa5 52. Rb2 Ra3 53. Bg4
Re5 54. Rbb7 Bf8 55. Rd8 Be7 56. Rc8 Bd6 57. Rd7 Be7 58. Rcc7 f5 59. Rxe7 Rxe7
60. Rxe7 fxg4 61. Re4 Kh6 62. Rxg4 Ra6 63. Rg5 Rf6 64. Ra5 Rb6 65. Kh3 Rb4 66.
Ra6 Kh7 67. f4 Rb5 68. Re6 Ra5 69. Kg4 Rb5 70. Re5 Rb3 71. h5 gxh5+ 72. Rxh5+
Kg6 73. Ra5 Rb6 74. Kh4 Rb1 75. Ra6+ Kf5 76. Ra5+ Kg6 77. Kg4 Rb6 78. Ra4 Kf6
79. Re4 Ra6 80. f5 g6 81. Re6+ Rxe6 82. fxe6 Kxe6 83. Kg5 Kf7 84. Kh6 Kf6 85.
g4 g5 86. Kh5 Kf7 1/2-1/2

[Event "PSNA CET 45th National Junior (U-19) Ch"]
[Site "PSNA College of Engineering &"]
[Date "2015.07.25"]
[Round "4.9"]
[White "Sahoo, Utkal Ranjan"]
[Black "Ganesh, R."]
[Result "1/2-1/2"]
[WhiteElo "2215"]
[BlackElo "2139"]
[PlyCount "41"]
[EventDate "2015.07.23"]
[EventRounds "11"]
[EventCountry "IND"]
[SourceDate "2003.06.08"]

1. d4 Nf6 2. c4 e6 3. Nf3 b6 4. Nc3 Bb7 5. Bg5 Be7 6. e3 O-O 7. Bd3 d6 8. Qc2
Nbd7 9. Rd1 c5 10. dxc5 Nxc5 11. Be2 Nce4 12. Nxe4 Bxe4 13. Bd3 Bxd3 14. Qxd3
Qc7 15. O-O Rfd8 16. e4 {Rfe1 Nd4} Rac8 17. b3 h6 18. Bh4 Ng4 19. Bxe7 Qxe7 {
f4 Qh4 Qg3 Qxg3 hxg3 Kf8 Rd3 Ke8 Kf1 Rc5 Ke2 h5 Red1 Rcc8 Rh1 g6 Rhd1 Nf6 Kf3
Ng4} 20. Rd2 {Ke7 Nc2} f5 21. exf5 1/2-1/2

[Event "PSNA CET 45th National Junior (U-19) Ch"]
[Site "PSNA College of Engineering &"]
[Date "2015.07.26"]
[Round "5.1"]
[White "Akash Pc, Iyer"]
[Black "Karthikeyan, Murali"]
[Result "1/2-1/2"]
[WhiteElo "2243"]
[BlackElo "2509"]
[PlyCount "93"]
[EventDate "2015.07.23"]
[EventRounds "11"]
[EventCountry "IND"]
[SourceDate "2003.06.08"]

1. b3 e5 2. Bb2 d6 3. e4 Nf6 4. Nc3 c5 5. Bc4 Nc6 6. d3 Be7 7. Nge2 O-O 8. O-O
a6 9. a4 Rb8 10. h3 Nd4 11. f4 b6 12. fxe5 dxe5 13. Nd5 b5 14. axb5 axb5 15.
Nxf6+ Bxf6 16. Bd5 Bb7 17. Bxb7 Rxb7 18. Nc3 Bg5 19. Nd5 f5 20. c3 Nc6 21. Qe2
h6 22. Qf2 Qd6 23. Qf3 Rd7 24. c4 bxc4 25. bxc4 Rb7 26. Bc3 Rb3 27. Kh1 Ne7 28.
Qd1 Nxd5 29. Qxb3 Ne3 30. Rfd1 Nxd1 31. Rxd1 Be3 32. Qb7 Bd4 33. Bxd4 Qxd4 34.
Qd5+ Kh7 35. Qxd4 exd4 36. exf5 Rxf5 37. Re1 Kg6 38. Kh2 h5 39. Kg3 Kf7 40. Re4
g5 41. h4 Kf6 42. Re8 g4 43. Rf8+ Ke6 44. Rxf5 Kxf5 45. Kf2 Ke6 46. g3 Kd6 47.
Ke2 1/2-1/2

[Event "PSNA CET 45th National Junior (U-19) Ch"]
[Site "PSNA College of Engineering &"]
[Date "2015.07.26"]
[Round "5.2"]
[White "Akash, G."]
[Black "Gajwa, Ankit"]
[Result "1-0"]
[WhiteElo "2354"]
[BlackElo "2107"]
[PlyCount "77"]
[EventDate "2015.07.23"]
[EventRounds "11"]
[EventCountry "IND"]
[SourceDate "2003.06.08"]

1. e4 e5 2. Nf3 Nc6 3. Bb5 a6 4. Ba4 Nf6 5. d3 b5 6. Bb3 Bc5 7. Nc3 h6 8. a4 b4
9. Nd5 Na5 10. Nxe5 Nxb3 11. cxb3 Nxd5 12. exd5 O-O 13. O-O Qf6 14. d4 Bd6 15.
f4 Qf5 16. Qf3 Bxe5 17. dxe5 d6 18. Bd2 dxe5 19. fxe5 Qxe5 20. Bf4 Qd4+ 21. Kh1
Bb7 22. Rad1 Qb6 23. Qg3 Qg6 24. Bxc7 Qxg3 25. hxg3 Bc8 26. Rfe1 Bf5 27. d6
Rac8 28. Rd4 f6 29. Rxb4 Rfe8 30. Rd1 Bd7 31. Rd2 Re1+ 32. Kh2 Rce8 33. Bb6
R8e5 34. Bf2 Rf1 35. g4 Kf7 36. Bg3 Rc5 37. Rb7 Rcc1 38. Rxd7+ Kg6 39. Bf2 1-0

[Event "PSNA CET 45th National Junior (U-19) Ch"]
[Site "PSNA College of Engineering &"]
[Date "2015.07.26"]
[Round "5.3"]
[White "Aravindh, Chithambaram Vr"]
[Black "Sai, Vishwesh.C"]
[Result "1-0"]
[WhiteElo "2507"]
[BlackElo "2318"]
[PlyCount "73"]
[EventDate "2015.07.23"]
[EventRounds "11"]
[EventCountry "IND"]
[SourceDate "2003.06.08"]

1. Nf3 Nf6 2. c4 c5 3. Nc3 Nc6 4. d4 cxd4 5. Nxd4 g6 6. e4 d6 7. Be2 Bg7 8. Be3
O-O 9. O-O Nd7 10. Qd2 Nxd4 11. Bxd4 Bxd4 12. Qxd4 Qb6 13. Qd2 Nf6 14. Kh1 Be6
15. f4 Qc5 16. b3 Rac8 17. Rac1 a6 18. Bf3 Qb4 19. f5 Bd7 20. fxg6 fxg6 21. e5
dxe5 22. Qe3 Qd6 23. Bxb7 Ng4 24. Qg3 Rxf1+ 25. Rxf1 Rf8 26. Bd5+ Kg7 27. Rxf8
Kxf8 28. h3 Nf6 29. Qf2 Qa3 30. Qe3 Qd6 31. c5 Qb8 32. Qh6+ Ke8 33. c6 Qb4 34.
cxd7+ Kxd7 35. Qe3 Qd4 36. Qf3 Ke8 37. Be4 1-0

[Event "PSNA CET 45th National Junior (U-19) Ch"]
[Site "PSNA College of Engineering &"]
[Date "2015.07.26"]
[Round "5.4"]
[White "Hemanth, Raam"]
[Black "Harsha, Bharathakoti"]
[Result "0-1"]
[WhiteElo "2103"]
[BlackElo "2368"]
[PlyCount "86"]
[EventDate "2015.07.23"]
[EventRounds "11"]
[EventCountry "IND"]
[SourceDate "2003.06.08"]

1. e4 e6 2. d4 d5 3. Nc3 Bb4 4. e5 c5 5. Bd2 Ne7 6. Nb5 Bxd2+ 7. Qxd2 O-O 8. f4
b6 9. c3 Ba6 10. Nf3 Qd7 11. a4 cxd4 12. cxd4 Nbc6 13. Bd3 Na5 14. O-O h6 15.
Qe2 Rac8 16. b4 Nc4 17. Nd6 Rc7 18. b5 Bb7 19. Nxb7 Rxb7 20. g4 a6 21. bxa6 Ra7
22. g5 h5 23. Bxc4 dxc4 24. Qxc4 Rfa8 25. Qb5 Qd8 26. d5 Qxd5 27. Qxb6 Rxa6 28.
Qd4 Qxd4+ 29. Nxd4 Rxa4 30. Rxa4 Rxa4 31. Ne2 Kh7 32. Rf3 Kg6 33. Kf2 Ra2 34.
Kf1 Kf5 35. Rh3 Nd5 36. Rxh5 Rxe2 37. Rh7 Nxf4 38. Rxg7 Rxh2 39. Rxf7+ Kxg5 40.
Rf6 Ra2 41. Kg1 Kg4 42. Kf1 Kf3 43. Kg1 Kg3 0-1

[Event "PSNA CET 45th National Junior (U-19) Ch"]
[Site "PSNA College of Engineering &"]
[Date "2015.07.26"]
[Round "5.5"]
[White "Kumar, Gaurav"]
[Black "Kumaran, B."]
[Result "1/2-1/2"]
[WhiteElo "2092"]
[BlackElo "2254"]
[PlyCount "83"]
[EventDate "2015.07.23"]
[EventRounds "11"]
[EventCountry "IND"]
[SourceDate "2003.06.08"]

1. e4 c5 2. Nf3 Nc6 3. Nc3 Nf6 4. Bb5 a6 5. Bxc6 dxc6 6. h3 g6 7. d3 Bg7 8. Be3
b6 9. Qd2 O-O 10. Bh6 Ne8 11. O-O f6 12. Rad1 e5 13. Nh2 g5 14. Bxg7 Nxg7 15.
Ne2 Ra7 16. c3 Rd7 17. Qc2 Kh8 18. Nf3 Ne6 19. Rd2 a5 20. Rfd1 Ba6 21. Ng3 Rg8
22. Nf5 g4 23. hxg4 Rxg4 24. d4 exd4 25. cxd4 cxd4 26. N3xd4 Nf4 27. Ne6 Ne2+
28. Kh1 Qe8 29. Nfg7 Rgxg7 30. Nxg7 Rxd2 31. Qxd2 Kxg7 32. Qd7+ Qxd7 33. Rxd7+
Kg6 34. Rd6 Kg5 35. Rxc6 a4 36. Rxb6 Bc4 37. Rb4 Bxa2 38. Rxa4 Bb3 39. Rb4 Bc2
40. g3 f5 41. exf5 Bxf5 42. Kg2 1/2-1/2

[Event "PSNA CET 45th National Junior (U-19) Ch"]
[Site "PSNA College of Engineering &"]
[Date "2015.07.26"]
[Round "5.6"]
[White "Adhithya, S."]
[Black "Pranavananda, V."]
[Result "1/2-1/2"]
[WhiteElo "2074"]
[BlackElo "2246"]
[PlyCount "67"]
[EventDate "2015.07.23"]
[EventRounds "11"]
[EventCountry "IND"]
[SourceDate "2003.06.08"]

1. c4 e5 2. Nc3 Nc6 3. g3 g6 4. Bg2 Bg7 5. d3 d6 6. e3 Be6 7. Nge2 Qd7 8. Nd5
Nd8 9. e4 c6 10. Ne3 Bh3 11. O-O h5 12. f4 Bxg2 13. Kxg2 h4 14. f5 hxg3 15.
Nxg3 Nf6 16. Ng4 Nxg4 17. Qxg4 c5 18. h3 g5 19. Qxg5 f6 20. Qg6+ Qf7 21. Be3
Nc6 22. h4 Ke7 23. Kh3 Rag8 24. Qxf7+ Kxf7 25. Ne2 Nb4 26. Rad1 Bh6 27. Bxh6
Rxh6 28. Rg1 Rgh8 29. Rg4 R6h7 30. Nc3 Nc2 31. Nd5 Nd4 32. Rf1 Ne2 33. a3 a5
34. a4 1/2-1/2

[Event "PSNA CET 45th National Junior (U-19) Ch"]
[Site "PSNA College of Engineering &"]
[Date "2015.07.26"]
[Round "5.7"]
[White "Abhilash, Reddy M.L"]
[Black "Yogit, S."]
[Result "1-0"]
[WhiteElo "2224"]
[BlackElo "2064"]
[PlyCount "43"]
[EventDate "2015.07.23"]
[EventRounds "11"]
[EventCountry "IND"]
[SourceDate "2003.06.08"]

1. d4 Nf6 2. Nf3 e6 3. c4 b6 4. a3 Ba6 5. e3 c5 6. Be2 Be7 7. Nc3 O-O 8. O-O d5
9. cxd5 exd5 10. Re1 Bxe2 11. Qxe2 Nc6 12. Rd1 Qd6 13. dxc5 Qxc5 14. Qd3 Rac8
15. Bd2 Qc4 16. Be1 Rfd8 17. Rac1 Qg4 18. h3 Qh5 19. Qa6 Bd6 20. Nb5 Bb8 21.
Qb7 Na5 22. Qxc8 1-0

[Event "PSNA CET 45th National Junior (U-19) Ch"]
[Site "PSNA College of Engineering &"]
[Date "2015.07.26"]
[Round "5.8"]
[White "Arjun, Adappa"]
[Black "Sahoo, Utkal Ranjan"]
[Result "0-1"]
[WhiteElo "2088"]
[BlackElo "2215"]
[PlyCount "82"]
[EventDate "2015.07.23"]
[EventRounds "11"]
[EventCountry "IND"]
[SourceDate "2003.06.08"]

1. c4 e6 2. Nf3 Nf6 3. g3 Be7 4. Bg2 O-O 5. O-O d5 6. b3 b6 7. Bb2 Bb7 8. e3
Nbd7 9. Nc3 Ne4 10. Ne2 Bf6 11. d4 dxc4 12. bxc4 Nd6 13. Rc1 c5 14. Qa4 Qc7 15.
Rfd1 Rfd8 16. Nf4 cxd4 17. exd4 Rac8 18. Ne5 Bxg2 19. Nxg2 Bxe5 20. dxe5 Ne4
21. Qa3 Nxe5 22. Bxe5 Qxe5 23. Qxa7 Qb2 24. Rxd8+ Rxd8 25. Rf1 Nd2 26. Qc7 Rf8
27. Rd1 Nf3+ 28. Kh1 Qxf2 29. Qf4 Qe2 30. Qd6 h6 31. Qd3 Qxd3 32. Rxd3 Ne5 33.
Rd6 Nxc4 34. Rc6 Rd8 35. Nf4 Ne3 36. Kg1 Rd1+ 37. Kf2 Ng4+ 38. Ke2 Ra1 39. Rc8+
Kh7 40. Rf8 Rxa2+ 41. Kf3 f5 0-1